000 00626nam a2200217 i 4500
001 bg
100 1 _aCIEŚLIŃSKI, Janusz
_d(1954- ).
245 1 0 _aModelowanie wrzenia pęcherzykowego /
_cJanusz T. Cieśliński.
260 _aGdańsk :
_bWydaw. Politechniki Gdańskiej,
_c2005.
300 _a148 s. :
_brys., wykr. ;
_c24 cm.
500 _aStreszcz. ang.
504 _aBibliogr.
650 9 _aWrzenie pęcherzykowe
_xbadanie
020 _a837348115X
040 _cBPK
041 0 _apol
_beng
080 _a532:536.7:621.56/.59
920 _a83-7348-115-X
942 _cKS
008 s pl f |000 0 pol
999 _c46419
_d46419
856 _uhttp://koha.tu.koszalin.pl/cgi-bin/koha/opac-detail.pl?biblionumber=46419
_yKatalog online BPK